000
00333nam a22001217a 4500
040
_c
SK
082
_a
344
100
_a
គា គីមអេង
245
_a
Fishing gear and technology; ឧបករណ៏ និងបច្ចេកវិទ្យានេសាទ
260
_a
RUA
_b
គា
_c
2010
300
_a
83p.
942
_c
KB
999
_c
8906
_d
8906